Southville International School and Colleges
Your cart is empty.
  • Cart
  • Lists
    Public lists Eva Luna New books Lux_list list_1
    Your lists Log in to create your own lists
  • Log in to your account
  • Your cookies
  • Search history
Southville International School and Colleges
  • Advanced search
  • Recent comments
  • Most popular
  • Libraries

Log in to your account

Log in with GOOGLE


If you do not have an external account, but do have a local account, you can still log in:

  1. Home
  2. MARC view: Consumer behavior :
Normal view MARC view ISBD view

Consumer behavior : (Record no. 357084)

[ view plain ]
MARC details
000 -LEADER
fixed length control field 00776nam a2200265Ia 4500
008 - FIXED-LENGTH DATA ELEMENTS--GENERAL INFORMATION
fixed length control field 180523s9999 xx 000 0 und d
020 ## - INTERNATIONAL STANDARD BOOK NUMBER
International Standard Book Number 007-124040-3
050 ## - LIBRARY OF CONGRESS CALL NUMBER
Classification number MAIN HF 5415.33
050 ## - LIBRARY OF CONGRESS CALL NUMBER
Item number .U6H39 2004
100 ## - MAIN ENTRY--PERSONAL NAME
Personal name Hawkins, Del I.
245 #0 - TITLE STATEMENT
Title Consumer behavior :
245 #0 - TITLE STATEMENT
Remainder of title building marketing strategy /
245 #0 - TITLE STATEMENT
Statement of responsibility, etc Del I. Hawkins, Roger J. Best, Kenneth A. Coney.
250 ## - EDITION STATEMENT
Edition statement 9th Edition
260 ## - PUBLICATION, DISTRIBUTION, ETC. (IMPRINT)
Place of publication, distribution, etc New York :
260 ## - PUBLICATION, DISTRIBUTION, ETC. (IMPRINT)
Name of publisher, distributor, etc McGraw-Hill,
260 ## - PUBLICATION, DISTRIBUTION, ETC. (IMPRINT)
Date of publication, distribution, etc 2004
300 ## - PHYSICAL DESCRIPTION
Extent 190 pages :
300 ## - PHYSICAL DESCRIPTION
Other physical details colored illustrations ;
300 ## - PHYSICAL DESCRIPTION
Dimensions 25 cm.
500 ## - GENERAL NOTE
General note Includes index.
650 ## - SUBJECT ADDED ENTRY--TOPICAL TERM
Topical term or geographic name as entry element Consumer behavior -- United States -- Case studies.
650 ## - SUBJECT ADDED ENTRY--TOPICAL TERM
Topical term or geographic name as entry element Consumer behavior -- United States.
650 ## - SUBJECT ADDED ENTRY--TOPICAL TERM
General subdivision Market surveys -- United States.
Holdings
Withdrawn status Lost status Damaged status Home library Current library Shelving location Date acquired Total Checkouts Full call number Barcode Date last seen Price effective from Koha item type
      South Mansfield College South Mansfield College   03/07/2005   MAIN HF 5415.33 .U6H39 2004 SMC00739 05/23/2018 05/23/2018  

Consumer behavior :

APA

Hawkins D. I., .Consumer behavior. New York: .

Chicago

Hawkins Del I, .Consumer behavior. New York: .

Harvard

Hawkins D. I., .Consumer behavior. New York: .

MLA

Hawkins Del I, .New York: . .

  • Place hold
  • Print
  • Cite
  • Add to your cart (remove)
  • Save record
    BIBTEX Dublin Core MARCXML MARC (non-Unicode/MARC-8) MARC (Unicode/UTF-8) MARC (Unicode/UTF-8, Standard) MODS (XML) RIS
  • More searches
    Search for this title in:
    Other Libraries (WorldCat) Other Databases (Google Scholar) Online Stores (Bookfinder.com) Open Library (openlibrary.org)

Exporting to Dublin Core...

SOUTHVILLE LIBRARY

Southville International School and Colleges Library

1281 Tropical Ave. Cor. Luxembourg St., BF Homes International, Las Pinas City

Tel. No. 8256374 / 252358 Loc. 117/146

Powered by Koha